000 00373nam a2200145Ia 4500
008 240729s9999 xx 000 0 und d
022 _a2212-9839
245 0 _aJournal of CO2 Utilization
260 _aUnited Kingdom
260 _bElsevier
650 _aTechnology
856 _uhttps://doaj.org/toc/de9e0c3398ef4fb183bb04d631bedecc
942 _2ddc
942 _cDOAJEJ
999 _c69725
_d69725
945 _a1
_bMadushi Gamage
_c1
_dMadushi Gamage